00543nam a22001457a 4500003000400000005001700004008004100021040001400062100003400076245011400110260000900224300003000233500011000263504002400373OSt20171010095455.0120629t xxu||||| |||| 00| 0 eng d aMMSUcULS aPascua, Maria Elena Faith B.  aProfile, motives and behaviors of Goin' Bulilit viewers of Paoay, Ilocos Norte cMaria Elena Faith B. Pascua  c2008 axiii, 66 leaves c28 cm.  aThesis (AB English Studies) -- Mariano Marcos State University-College of Arts and Sciences, Batac City  aBibliography: 60-62